00518nam a22001697a 450000500170000002000230001703500220004008200120006210000180007424500700009226000440016227000220020630000350022850000190026365000280028265000380031020180825142136.0 a8120317416c175.00 aB-61363, B-061364 a001.422 aSarma, K.V.S. aStatistics made simple :bdo it yourself on PC /cby K.V.S. Sarma aNew DelhibPrentice-Hall of Indiac2002 bNew Delhie110001 axiii, 257p.:bill.c24cm (pbk) aincludes index aMathematical Statistics aProblem solving - Data Processing